<?xml version="1.0" encoding="UTF-8"?>
<collection xmlns="http://www.loc.gov/MARC21/slim">
 <record>
  <leader>01415nam a2200325   4500</leader>
  <controlfield tag="001">000011364</controlfield>
  <controlfield tag="003">7607</controlfield>
  <controlfield tag="005">20120203130210.0</controlfield>
  <controlfield tag="008">120203s2011                        viesd</controlfield>
  <datafield tag="041" ind1=" " ind2=" ">
   <subfield code="a">vie</subfield>
  </datafield>
  <datafield tag="072" ind1=" " ind2=" ">
   <subfield code="a">Khóa luận tốt nghiệp</subfield>
  </datafield>
  <datafield tag="082" ind1=" " ind2=" ">
   <subfield code="a">372.5</subfield>
   <subfield code="b">HU-C</subfield>
  </datafield>
  <datafield tag="100" ind1=" " ind2=" ">
   <subfield code="a">Huỳnh, Thị Như Cúc</subfield>
  </datafield>
  <datafield tag="245" ind1=" " ind2=" ">
   <subfield code="a">Sử dụng phương pháp trực quan trong dạy học môn kĩ thuật lớp 4,5</subfield>
   <subfield code="c">Huỳnh, Thị Như Cúc</subfield>
  </datafield>
  <datafield tag="260" ind1=" " ind2=" ">
   <subfield code="a">Đại học Đà Nẵng</subfield>
   <subfield code="b">Trường đại học Sư Phạm</subfield>
   <subfield code="c">2011</subfield>
  </datafield>
  <datafield tag="300" ind1=" " ind2=" ">
   <subfield code="a">85 tr.</subfield>
   <subfield code="b">hình mhọa</subfield>
   <subfield code="c">29 cm</subfield>
   <subfield code="e">Tóm tắt + đĩa CD</subfield>
  </datafield>
  <datafield tag="490" ind1=" " ind2=" ">
   <subfield code="a">Khóa luận tốt nghiệp Đại học. Chuyên ngành: Sư phạm Tiểu học</subfield>
  </datafield>
  <datafield tag="500" ind1=" " ind2=" ">
   <subfield code="a">Tham khảo + phụ lục [15 tr.]</subfield>
  </datafield>
  <datafield tag="520" ind1=" " ind2=" ">
   <subfield code="a">Cơ sở lí luận và cơ sở thực tiễn của việc sử dụng phương pháp trực quan trong dạy học môn kĩ thuật lớp 4,5. Biện pháp sử dụng phương pháp trực quan trong dạy học môn kĩ thuật lớp 4,5. Thực nghiệm sư phạm</subfield>
  </datafield>
  <datafield tag="653" ind1=" " ind2=" ">
   <subfield code="a">Khóa luận tốt nghiệp đại học</subfield>
  </datafield>
  <datafield tag="653" ind1=" " ind2=" ">
   <subfield code="a">Khoa GD Tiểu Học - Mần Non</subfield>
  </datafield>
  <datafield tag="700" ind1=" " ind2=" ">
   <subfield code="a">Trần, Thị Kim Cúc</subfield>
   <subfield code="c">Th.S</subfield>
   <subfield code="e">Hướng dẫn</subfield>
  </datafield>
  <datafield tag="OWN" ind1=" " ind2=" ">
   <subfield code="a">LSP</subfield>
  </datafield>
  <datafield tag="999" ind1=" " ind2=" ">
   <subfield code="a">From the UDN01</subfield>
  </datafield>
  <datafield tag="TYP" ind1=" " ind2=" ">
   <subfield code="a">Monograph</subfield>
  </datafield>
  <datafield tag="TYP" ind1=" " ind2=" ">
   <subfield code="a">Printed language</subfield>
  </datafield>
  <datafield tag="980" ind1=" " ind2=" ">
   <subfield code="a">Mạng thư viện Đại học Đà Nẵng</subfield>
  </datafield>
 </record>
</collection>
